Толковый физический словарь: основные термины; около 3600 терминов

Մատենագիտական մանրամասներ
Հիմնական հեղինակ: Брюханов А. В. Андрей Владимирович
Այլ հեղինակներ: Пустовалов Г. Е. Георгий Евгеньевич, Рыдник В. И. Виталий Исаакович
Լեզու:ռուսերեն
Հրապարակվել է: Москва, Русский язык, 1987
Խորագրեր:
Ձևաչափ: Գիրք
KOHA link:https://koha.lib.tpu.ru/cgi-bin/koha/opac-detail.pl?biblionumber=40290

MARC

LEADER 00000nam0a2200000 4500
001 40290
005 20231101210618.0
035 |a (RuTPU)RU\TPU\book\41319 
090 |a 40290 
100 |a 20020508d1987 km y0rusy50 ca 
101 0 |a rus 
102 |a RU 
105 |a y e 000zy 
200 1 |a Толковый физический словарь  |e основные термины  |e около 3600 терминов  |f А. В. Брюханов, Г. Е. Пустовалов, В. И. Рыдник 
210 |a Москва  |c Русский язык  |d 1987 
215 |a 232 с. 
606 |a Физика  |2 stltpush  |3 (RuTPU)RU\TPU\subj\63709  |9 80688 
610 1 |a термины 
610 1 |a словари 
610 1 |a толковые словари 
675 |a 53(038)  |v 3 
700 1 |a Брюханов  |b А. В.  |g Андрей Владимирович 
701 1 |a Пустовалов  |b Г. Е.  |g Георгий Евгеньевич 
701 1 |a Рыдник  |b В. И.  |g Виталий Исаакович 
801 1 |a RU  |b 63413507  |c 20020508  |g PSBO 
801 2 |a RU  |b 63413507  |c 20141018  |g PSBO 
942 |c BK